[Event "GER-chT School WK GS"]
[Site "Playchess.com INT"]
[Date "2020.06.11"]
[Round "2.4"]
[White "Tille, Tim"]
[Black "Oehme, Melina"]
[Result "1-0"]
[WhiteElo "1440"]
[BlackElo "1200"]
[PlyCount "67"]
[EventDate "2020.06.11"]
[EventType "team-swiss (blitz)"]
[EventRounds "7"]
[EventCountry "GER"]
[SourceTitle "EXT 2021"]
[Source "ChessBase"]
[SourceDate "2020.10.23"]
[SourceVersion "1"]
[SourceVersionDate "2020.10.23"]
[SourceQuality "1"]
[WhiteTeam "Monte BY"]
[BlackTeam "Zwoetzener Th"]
[WhiteTeamCountry "GER"]
[BlackTeamCountry "GER"]

1. e4 e5 2. Nf3 Nc6 3. Bc4 a6 4. Ng5 b5 5. Nxf7 Qf6 6. Nxh8 g6 7. Bxg8 Qxh8 8. Bd5 Bb7 9. d3 d6 10. Be3 Qf6 11. Bxc6+ Bxc6 12. 0-0 0-0-0 13. h3 d5 14. Re1 dxe4 15. f3 exf3 16. gxf3 h5 17. Qd2 Bxf3 18. Bg5 Qc6 19. Bxd8 Kxd8 20. Rf1 Qc5+ 21. Qf2 Qe7 22. Qxf3 c5 23. Qa8+ Kd7 24. Rxf8 Ke6 25. Re8 e4 26. Rxe7+ Kxe7 27. Qxa6 exd3 28. cxd3 b4 29. Qxg6 h4 30. Qc6 b3 31. axb3 c4 32. bxc4 Kf8 33. Ra7 Kg8 34. Qc8# 1-0